000 00322nam a2200109Ia 4500
008 171211s9999 xx 000 0 und d
245 _aNarrative and Numbers: The Value of Stories in Business
245 _cAswath Damodaran
260 _c2017
650 _xECONOMICS
856 _uhttp://down.ebook777.com/062/0231180489.pdf
999 _c349591
_d349591